90 losowych Flag świata - Statystyki

Ogólne statystyki
  • Ten quiz został rozwiązany 11 razy
  • Średni wynik to 49 z 90
Statystyki odpowiedzi
Obrazkowy Hint Odpowiedź % Poprawnych
Albania
100%
Anglia
100%
Australia
100%
Azerbejdżan
100%
Bangladesz
100%
Belgia
100%
Chile
100%
Cypr
100%
Czarnogóra
100%
Czechy
100%
Dania
100%
Demokratyczna Republika Konga
100%
Dominikana
100%
Egipt
100%
Estonia
100%
Etiopia
100%
Francja
100%
Grecja
100%
Gwatemala
100%
Gwinea
100%
Hiszpania
100%
Holandia
100%
Indie
100%
Indonezja
100%
Irlandia
100%
Jamajka
100%
Japonia
100%
Kanada
100%
Kazachstan
100%
Kenia
100%
Kolumbia
100%
Komory
100%
Korea Północna
100%
Korea Południowa
100%
Litwa
100%
Luksemburg
100%
Macedonia Północna
100%
Madagaskar
100%
Malawi
100%
Malta
100%
Midway
100%
Mołdawia
100%
Monako
100%
Nepal
100%
Niemcy
100%
Niger
100%
Nowa Zelandia
100%
Panama
100%
Peru
100%
Polska
100%
Republika Środkowoafrykańska
100%
Rosja
100%
Seszele
100%
Słowacja
100%
Słowenia
100%
Somalia
100%
Sri Lanka
100%
Szwajcaria
100%
Szwecja
100%
Tunezja
100%
Turcja
100%
Uganda
100%
Ukraina
100%
Urugwaj
100%
Walia
100%
Watykan
100%
Wielka Brytania
100%
Wietnam
100%
Gruzja
83%
Andora
80%
Liberia
80%
Mauritius
80%
Arabia Saudyjska
75%
Argentyna
75%
Belize
75%
Benin
75%
Białoruś
75%
Bośnia i Hercegowina
75%
Brazylia
75%
Chiny
75%
Chorwacja
75%
Czad
75%
Dominika
75%
Mozambik
75%
Norwegia
75%
Republika Południowej Afryki
75%
San Marino
75%
Włochy
75%
Algieria
67%
Angola
67%
Bułgaria
67%
Finlandia
67%
Irlandia Północna
67%
Izrael
67%
Kambodża
67%
Katar
67%
Kirgistan
67%
Kosowo
67%
Kuba
67%
Laos
67%
Libia
67%
Łotwa
67%
Malediwy
67%
Maroko
67%
Martynika
67%
Meksyk
67%
Mjanma
67%
Paragwaj
67%
Rumunia
67%
Singapur
67%
Sint Eustatius
67%
Sint Maarten
67%
Wenezuela
67%
Zambia
67%
Zimbabwe
67%
Austria
60%
Gabon
60%
Islandia
60%
Mauretania
60%
Nauru
60%
Szkocja
60%
Tajlandia
60%
Tuvalu
60%
Zjednoczone Emiraty Arabskie
60%
Burundi
50%
Dżibuti
50%
Gambia
50%
Ghana
50%
Gibraltar
50%
Grenlandia
50%
Guam
50%
Honduras
50%
Iran
50%
Jemen
50%
Jersey
50%
Kongo
50%
Kuwejt
50%
Lesotho
50%
Liban
50%
Mali
50%
Mikronezja
50%
Pitcairn
50%
Saba
50%
Sahara Zachodnia
50%
Saint Pierre i Miquelon
50%
Salwador
50%
Stany Zjednoczone
50%
Syria
50%
Tanzania
50%
Tokelau
50%
Tonga
50%
Węgry
50%
Wyspa Bożego Narodzenia
50%
Wyspa Clippertona
50%
Wyspy Alandzkie
50%
Wyspy Owcze
50%
Oman
43%
Brytyjskie Wyspy Dziewicze
40%
Grenada
40%
Gwinea Równikowa
40%
Sierra Leone
40%
Wyspy Świętego Tomasza i Książęca
40%
Armenia
33%
Bermudy
33%
Boliwia
33%
Brunei
33%
Brytyjskie Terytorium Antarktyczne
33%
Ekwador
33%
Eswatini
33%
Fidżi
33%
Guernsey
33%
Gwinea Bissau
33%
Hongkong
33%
Majotta
33%
Namibia
33%
Nigeria
33%
Nikaragua
33%
Palestyna
33%
Papua Nowa Gwinea
33%
Republika Zielonego Przylądka
33%
Rwanda
33%
Saint Lucia
33%
Senegal
33%
Turkmenistan
33%
Turks i Caicos
33%
Uzbekistan
33%
Wake
33%
Wyspa Norfolk
33%
Wyspy Cooka
33%
Brytyjskie Terytorium Oceanu Indyjskiego
29%
Botswana
25%
Filipiny
25%
Johnston
25%
Makau
25%
Palau
25%
Saint-Barthélemy
25%
Tadżykistan
25%
Tajwan
25%
Trynidad i Tobago
25%
Antarktyka
20%
Burkina Faso
20%
Dhekelia
20%
Georgia Południowa i Sandwich Południowy
20%
Gwadelupa
20%
Wallis i Futuna
20%
Wyspy Marshalla
20%
Aruba
17%
Curaçao
17%
Afganistan
0%
Akrotiri
0%
Anguilla
0%
Antigua i Barbuda
0%
Bahamy
0%
Bahrajn
0%
Barbados
0%
Bhutan
0%
To nie USA Dalekie Wyspy Mniejsze Stanów Zjednoczonych
0%
Erytrea
0%
Falklandy
0%
Francuskie Terytoria Południowe i Antarktyczne
0%
Gujana
0%
Gujana Francuska
0%
Haiti
0%
Holandia Karaibska
0%
Howland, Jarvis i Baker
0%
Irak
0%
Jordania
0%
Kajmany
0%
Kamerun
0%
Kingman
0%
Kiribati
0%
Kostaryka
0%
Liechtenstein
0%
Malezja
0%
Mariany Północne
0%
Mongolia
0%
Montserrat
0%
Navassa
0%
Niue
0%
Nowa Kaledonia
0%
Pakistan
0%
Palmyra
0%
Polinezja Francuska
0%
Portoryko
0%
Portugalia
0%
Reunion
0%
Saint Kitts i Nevis
0%
To nie Francja Saint Martin
0%
Saint Vincent i Grenadyny
0%
Samoa
0%
Samoa Amerykańskie
0%
Serbia
0%
Sudan
0%
Sudan Południowy
0%
Surinam
0%
To nie Norwegia Svalbard i Jan Mayen
0%
Timor Wschodni
0%
Togo
0%
Tristan da Cunha
0%
Vanuatu
0%
Wybrzeże Kości Słoniowej
0%
To nie Norwegia Wyspa Bouveta
0%
Wyspa Man
0%
Wyspa Świętej Heleny
0%
Wyspa Wniebowstąpienia
0%
Wyspy Dziewicze Stanów Zjednoczonych
0%
To nie Australia Wyspy Heard i McDonalda
0%
Wyspy Kokosowe
0%
Wyspy Salomona
0%
Nie znaleziono quizów pasujących do podanych kryteriów
Rozkład punktacji
Procent ludzi z każdym wynikiem
Percentyl według liczby udzielonych odpowiedzi
Twoja historia wyników
Nie rozwiązałeś tego quizu